Countries: First 4 Alphabetical Quiz Stats

Quiz Updated Apr 25, 2018

Challenge
Share
Tweet
Embed
Score 0/197 Timer 18:00
8 Plays Today
First 4 Country % Correct
AACNCanada
84.8%
AAJPJapan
84%
AAQTQatar
80.4%
AAKZKazakhstan
79.1%
AAJMJamaica
78.1%
AABHBahamas
77.7%
ABCUCuba
73.7%
AANPPanama
73.4%
AADMMadagascar
69.4%
ACDHChad
69%
ABELBelarus
69%
AABLAlbania
68.8%
ABMZZambia
67%
ABRZBrazil
66.1%
AALPPalau
66%
ABGOGabon
64.6%
ACEMMacedonia
64%
ADSUSudan
63.3%
AAPRParaguay
63.2%
AFGHAfghanistan
62.9%
AILMMali
62.8%
ABHRBahrain
62.8%
ABCMCambodia
62%
AIQRIraq
61.5%
AGHNGhana
60.7%
ABBRBarbados
60.4%
ABGMGambia
60.1%
CHINChina
59.6%
BEGLBelgium
59%
CHILChile
58.8%
AHITHaiti
58.7%
AIPSSpain
58.6%
AGUYGuyana
58.5%
AFNRFrance
58.2%
AALMMalawi
58.1%
AIKPPakistan
58%
ALMTMalta
57.8%
AINRIran
55.1%
ALTVLatvia
55.1%
BHTUBhutan
55%
ALOSLaos
54.8%
AIJTTajikistan
54.6%
CPRYCyprus
54.6%
EGPYEgypt
54.3%
AALMMalaysia
53.8%
AMNOOman
53.7%
FIIJFiji
53.5%
AERZAzerbaijan
53.2%
BILYLibya
52.5%
BIMZZimbabwe
52.4%
AEQUEquatorial Guinea
52%
ALOPPoland
52%
BEINBenin
51.9%
BERSSerbia
51.9%
ABELLebanon
51.9%
CCEZCzechia
51.8%
DIINIndia
51.6%
ADLMMaldives
51.6%
BDIJDjibouti
51.3%
AMOZMozambique
50.6%
AKUWKuwait
50.5%
AMOSSamoa
50.5%
AHITThailand
50.4%
ASWZSwaziland
50.3%
RSSURussia
49.8%
DEMNDenmark
49.4%
First 4 Country % Correct
ANTZTanzania
49.4%
COSTCosta Rica
49.1%
ANUVVanuatu
49%
DESWSweden
48.9%
DJORJordan
48.9%
BGLUBulgaria
48.8%
AINSSaint Kitts and Nevis
48.7%
AILTItaly
48.5%
ABGNBangladesh
48.5%
AINSSaint Lucia
48.1%
ACINNicaragua
48.1%
ACEUEcuador
48%
AINSSaint Vincent and the Grenadines
48%
EEGRGreece
47.8%
EPRUPeru
47.8%
EIMXMexico
46.9%
APPUPapua New Guinea
46.9%
FILNFinland
46.9%
AENPNepal
46.8%
AMORRomania
46.7%
GOOTTogo
46.7%
BNOSBosnia and Herzegovina
46.3%
EGINNiger
46.3%
ATUVTuvalu
46.2%
EEMYYemen
46%
EGINNigeria
45.3%
NORWNorway
45.3%
BEUZUzbekistan
45.2%
ELUXLuxembourg
45.1%
AITWTaiwan
44.9%
DLMOMoldova
44.4%
CMOOComoros
44.1%
AEGLAlgeria
44%
BEILLiberia
43.6%
BRUUBurundi
42.9%
GNOTTonga
42.9%
EKNYKenya
42.4%
AGNOAngola
42.3%
ANRUNauru
42.1%
AITVVatican City
42.1%
DEMODemocratic Republic of Congo
41.9%
HILPPhilippines
41.3%
CEILIceland
40.7%
AMOSSomalia
40.5%
DHNOHonduras
40.5%
GRUUUruguay
40.4%
ANRWRwanda
40.3%
ABCOCabo Verde
40.1%
AMNOMonaco
39.8%
CLOOColombia
39.6%
ENWZNew Zealand
39.7%
ADNOAndorra
39.6%
IRSYSyria
39.3%
KRTUTurkey
39.1%
EGMRGermany
39%
AKRUUkraine
38.9%
LOSVSlovakia
38.7%
BEILBelize
38.5%
BNRUBrunei
38.5%
KOOSKosovo
38.4%
LOSVSlovenia
38.4%
AMNYMyanmar
38.2%
INTUUnited States
38.2%
INTUUnited Kingdom
37.7%
AGTUGuatemala
37.6%
AIMNNamibia
37.6%
First 4 Country % Correct
EENVVenezuela
37.5%
ACEMCameroon
37.2%
BKRUBurkina Faso
37.1%
BOSTBotswana
36.7%
DINOIndonesia
36.3%
OSTUSouth Korea
36.3%
INTUUnited Arab Emirates
36.1%
GKRYKyrgyzstan
36%
GINSSingapore
35.9%
KRTUTurkmenistan
35.8%
EENSSenegal
35.6%
AELPPalestine
35.3%
GHNUHungary
35.2%
ASTUAustria
35.2%
AMRUMauritania
35%
GINUGuinea
34.9%
GMNOMongolia
34.8%
ASTUAustralia
34.8%
AMRUMauritius
34.6%
OSTUSouth Sudan
34.4%
NORTNorth Korea
34.4%
DIMODominican Republic
34.3%
IIKRKiribati
34.1%
DIMODominica
34.1%
BILOBolivia
34%
ACORCroatia
34%
HILTLithuania
33.9%
CEILLiechtenstein
33.7%
EITVVietnam
33.5%
OPRTPortugal
33.3%
GINUGuinea-Bissau
32.8%
AEGRArgentina
32.5%
AGNUUganda
32.2%
EILRIreland
32%
OSTUSouth Africa
31.9%
CIMRMicronesia
31.3%
AEMRArmenia
31.2%
ADSUSaudi Arabia
31%
AMNSSan Marino
30.3%
CENTCentral African Republic
29.5%
ISTWSwitzerland
29.4%
EOSTEstonia
28.8%
EHNTNetherlands
28.6%
MOORMorocco
28.6%
CESYSeychelles
28.4%
EGNRGrenada
28.1%
INTUTunisia
27.7%
MNOTMontenegro
27.4%
AIRSIsrael
27.4%
INRTTrinidad and Tobago
26.8%
LOOSSolomon Islands
26.5%
AMRSMarshall Islands
26.5%
EIRTEritrea
25.8%
CEOTCôte d'Ivoire
25.7%
EHITEthiopia
25.5%
AINTAntigua and Barbuda
25%
IRSUSuriname
24.5%
AOSTSão Tomé and Príncipe
24.4%
AELSEl Salvador
23.7%
EGORGeorgia
23.4%
IMOTTimor-Leste
22.7%
ILRSSri Lanka
21%
ELOSLesotho
19.6%
EPRURepublic of the Congo
17.9%
EIRSSierra Leone
12.7%

You're not logged in!

Compare scores with friends on all Sporcle quizzes.
Join for Free
OR
Log In

You Might Also Like...

Show Comments

Extras

Top Quizzes Today


Score Distribution

Your Account Isn't Verified!

In order to create a playlist on Sporcle, you need to verify the email address you used during registration. Go to your Sporcle Settings to finish the process.

Report this User

Report this user for behavior that violates our Community Guidelines.

Details: